00417nam a22001457a 4500003000600000005001700006008004100023040000800064082001500072100001800087245007200105260003400177300002400211650003600235GBCCL20241126110620.0180710b ||||| |||| 00| 0 eng d cGBC a307.7bGOH aGohain, B. K. aThe Hill Karbis: bA sociological study of the tribe/cB. K. Gohain aDiphu:bArunima Gohain,c1984 a88 p.;c14 x 21 cm. aKarbis (Indic People) - History